| 000 | 00676nam a2200193Ii 4500 | ||
|---|---|---|---|
| 003 | JO-AjNU | ||
| 008 | 230605s9999||||xx |||||||||||||| ||und|| | ||
| 040 |
_aJO-AjNU _bara _erda _cJO-AjNU |
||
| 041 | _aara | ||
| 050 | 1 | 4 | _aHM251. A94 1970 |
| 100 | 3 |
_aتأليف: فريد، عزيز, _eauthor _97910 |
|
| 245 | 0 | 0 | _aعلم النفس للمجتمع |
| 264 | 3 | 1 | _aالقاهرة: المكتبة التجارية الكبرى، 1970 |
| 300 |
_a343ص _bيحتوي على ببلوغرافية من 339-343ص |
||
| 336 |
_atext _btxt _2rdacontent |
||
| 337 |
_aunmediated _bn _2rdamedia |
||
| 338 |
_avolume _bnc _2rdacarrier |
||
| 650 | 4 |
_aعلم النفس الاجتماعي _97911 |
|
| 999 |
_aA518 _c4086 _d4086 |
||